Identidades docentes a través del proyecto de investigación artística "Mujeres maestras" El caso de la muestra para el Museo Artequín de Santiago de Chile /
Uloženo v:
| Hlavní autor: | |
|---|---|
| Médium: | Kniha |
| Jazyk: | Spanish |
| Vydáno: |
España :
Universidad de Valencia,
2009
|
| Témata: | |
| On-line přístup: | https://uir.inie.ucr.ac.cr/cgi-bin/koha/opac-retrieve-file.pl?id=4e1a9e2ca2509cb1c8a8ba7649803f0a |
| Tagy: |
Přidat tag
Žádné tagy, Buďte první, kdo vytvoří štítek k tomuto záznamu!
|
MARC
| LEADER | 00000nam a22000007a 4500 | ||
|---|---|---|---|
| 005 | 20240718160736.0 | ||
| 008 | 230322b2009 a|||| |||| 00| | spa d | ||
| 090 | |a 06.02.01 | ||
| 100 | |a Huerta, Ricard |9 4865 | ||
| 245 | 1 | 0 | |a Identidades docentes a través del proyecto de investigación artística "Mujeres maestras" El caso de la muestra para el Museo Artequín de Santiago de Chile / |c Ricard Huerta |
| 260 | |a España : |b Universidad de Valencia, |c 2009 | ||
| 300 | |a 23 páginas; |b ilustraciones; 1 recurso en línea; PDF | ||
| 650 | 1 | 4 | |a EDUCACIÓN |9 1 |
| 650 | 1 | 4 | |a ARTE |9 421 |
| 650 | 1 | 4 | |a DOCENCIA |9 1841 |
| 650 | 1 | 4 | |a MUSEOS |9 1004 |
| 856 | |u https://uir.inie.ucr.ac.cr/cgi-bin/koha/opac-retrieve-file.pl?id=4e1a9e2ca2509cb1c8a8ba7649803f0a | ||
| 942 | |i PDF0015 |h 06.02.01 |2 z |c 08 |h 06.02.01 |6 060201_PDF0015 | ||
| 999 | |c 4004 |d 4004 | ||
